000 00440nam a2200181Ia 4500
001 13688
005 20260306164819.0
008 260306t2014||||xx |||||||||||||| ||spa||
041 _aESP
082 _a005.13
_bM36
100 _aMedia Active
_eAUT
245 0 _aAprender Excel 2013 con 100 ejercicios prácticos
260 _c2014
300 _a213 páginas :
_c24 cm.
650 _aGEN
654 _aCCC
942 _cLIB
_dJUS
_fJUS
_2ddc
_n
999 _c13688
_d13688